<?xml version="1.0" encoding="UTF-8"?><?xml-stylesheet type="text/xsl" href="static/style.xsl"?><OAI-PMH xmlns="http://www.openarchives.org/OAI/2.0/" xmlns:xsi="http://www.w3.org/2001/XMLSchema-instance" xsi:schemaLocation="http://www.openarchives.org/OAI/2.0/ http://www.openarchives.org/OAI/2.0/OAI-PMH.xsd"><responseDate>2026-06-02T06:16:25Z</responseDate><request verb="GetRecord" identifier="oai:riuma.uma.es:10630/2709" metadataPrefix="marc">https://riuma.uma.es/rest/oai/request</request><GetRecord><record><header><identifier>oai:riuma.uma.es:10630/2709</identifier><datestamp>2026-02-03T12:34:56Z</datestamp><setSpec>com_10630_2254</setSpec><setSpec>col_10630_37957</setSpec></header><metadata><record xmlns="http://www.loc.gov/MARC21/slim" xmlns:dcterms="http://purl.org/dc/terms/" xmlns:doc="http://www.lyncode.com/xoai" xmlns:xsi="http://www.w3.org/2001/XMLSchema-instance" xsi:schemaLocation="http://www.loc.gov/MARC21/slim http://www.loc.gov/standards/marcxml/schema/MARC21slim.xsd">
   <leader>00925njm 22002777a 4500</leader>
   <datafield ind2=" " ind1=" " tag="042">
      <subfield code="a">dc</subfield>
   </datafield>
   <datafield ind2=" " ind1=" " tag="720">
      <subfield code="a">Martín-Solbes, Víctor Manuel</subfield>
      <subfield code="e">author</subfield>
   </datafield>
   <datafield ind2=" " ind1=" " tag="260">
      <subfield code="c">2006</subfield>
   </datafield>
   <datafield ind2=" " ind1=" " tag="520">
      <subfield code="a">Esta investigación se ha realizado desde el punto de vista pedagógico en el ámbito de las Instituciones Penitenciarias. Con este estudio se pretende conocer las actitudes de los jóvenes ante los procesos de reeducación. Se establecen una serie de variables socioeducativas que se relacionan con la actitud, intentando llegar a predecir las actitudes. Se realiza un repaso al concepto de actitud, a los procesos implicados en su aprendizaje y a las teorías que la estudian. Se estudian los factores sociales que pueden conducir a las conductas delictivas, repasando conceptos como exclusión social, inadaptación, delincuencia, abordando el problema de la competencia social y su relación con la reeducación y la reinserción social. A continuación, y a través de diversos instrumentos se acomete la investigación práctica.</subfield>
   </datafield>
   <datafield ind1="8" ind2=" " tag="024">
      <subfield code="a">8468982431</subfield>
   </datafield>
   <datafield ind1="8" ind2=" " tag="024">
      <subfield code="a">http://hdl.handle.net/10630/2709</subfield>
   </datafield>
   <datafield tag="653" ind2=" " ind1=" ">
      <subfield code="a">Establecimientos penitenciarios - Tesis doctorales</subfield>
   </datafield>
   <datafield tag="653" ind2=" " ind1=" ">
      <subfield code="a">Pedagogía social - Tesis doctorales</subfield>
   </datafield>
   <datafield tag="653" ind2=" " ind1=" ">
      <subfield code="a">Delincuencia juvenil - Tesis doctorales</subfield>
   </datafield>
   <datafield ind2="0" ind1="0" tag="245">
      <subfield code="a">Actitudes de los internados en prisión, menores de veintiún años,ante la función reeducadora del medio penitenciario en el ámbito andaluz</subfield>
   </datafield>
</record>
</metadata></record></GetRecord></OAI-PMH>